Statistics for Amon Amarth songs

Click here to take the quiz!

General Stats

  • This quiz has been taken 7 times
  • The average score is 54 of 118

Answer Stats

AlbumSong% Correct
Put Your Back Into the OarPut Your Back Into the Oar
100%
Fate of NornsThe Fate of Norns
100%
Twilight of the Thunder GodTwilight of the Thunder God
100%
Surtur RisingWar of the Gods
100%
With Oden on Our SideCry of the Black Birds
80%
Deceiver of the GodsDeceiver of the Gods
80%
JomsvikingFirst Kill
80%
Twilight of the Thunder GodGuardians of Asgaard
80%
Once Sent from the Golden HallOnce Sent from the Golden Hall
80%
Sorrow Throughout the Nine WorldsSorrow Throughout the Nine Worlds
80%
The Great Heathen ArmyThe Great Heathen Army
80%
Twilight of the Thunder GodThe Hero
80%
Surtur RisingTöck's Taunt – Loke's Treachery Part II
80%
Twilight of the Thunder GodVaryags of Miklagaard
80%
Versus the WorldVs. the World
80%
JomsvikingWanderer
80%
Twilight of the Thunder GodWhere Is Your God?
80%
With Oden on Our SideWith Oden on Our Side
80%
Once Sent from the Golden HallAmon Amarth
60%
JomsvikingAt Dawn's First Light
60%
BerserkerCrack the Sky
60%
Versus the WorldDeath in Fire
60%
Surtur RisingDestroyer of the Universe
60%
Twilight of the Thunder GodEmbrace the Endless Ocean
60%
BerserkerFafner's Gold
60%
Twilight of the Thunder GodFree Will Sacrifice
60%
Deceiver of the GodsHel
60%
With Oden on Our SideHermod's Ride to Hel – Loke's Treachery Part I
60%
The AvengerLegend of a Banished Man
60%
Twilight of the Thunder GodLive for the Kill
60%
BerserkerMjölner, Hammer of Thor
60%
JomsvikingOn a Sea of Blood
60%
JomsvikingOne Against All
60%
JomsvikingOne Thousand Burning Arrows
60%
JomsvikingRaise Your Horns
60%
Twilight of the Thunder GodTattered Banners and Bloody Flags
60%
Once Sent from the Golden HallThe Dragons' Flight Across the Waves
60%
Fate of NornsThe Pursuit of Vikings
60%
JomsvikingThe Way of Vikings
60%
JomsvikingVengeance Is My Name
60%
Once Sent from the Golden HallVictorious March
60%
BerserkerWings of Eagles
60%
Once Sent from the Golden HallAbandoned
40%
Versus the WorldAcross the Rainbow Bridge
40%
JomsvikingA Dream That Cannot Be
40%
Fate of NornsAn Ancient Sign of Coming Storm
40%
Versus the World…and Soon the World Will Cease to Be
40%
Fate of NornsArson
40%
With Oden on Our SideAsator
40%
Deceiver of the GodsAs Loke Falls
40%
The AvengerAvenger
40%
JomsvikingBack on Northern Shores
40%
The AvengerBleed for Ancient Gods
40%
Deceiver of the GodsBlood Eagle
40%
Versus the WorldBloodshed
40%
Deceiver of the GodsComing of the Tide
40%
Versus the WorldDown the Slopes of Death
40%
Deceiver of the GodsFather of the Wolf
40%
The Great Heathen ArmyFind a Way or Make One
40%
Versus the WorldFor the Stabwounds in Our Backs
40%
Surtur RisingFor Victory or Death
40%
The Great Heathen ArmyGet in the Ring
40%
With Oden on Our SideGods of War Arise
40%
BerserkerInto the Dark
40%
BerserkerIronside
40%
The CrusherMasters of War
40%
Twilight of the Thunder GodNo Fear for the Setting Sun
40%
Fate of NornsOnce Sealed in Blood
40%
With Oden on Our SidePrediction of Warfare
40%
BerserkerRaven's Flight
40%
Once Sent from the Golden HallRide for Vengeance
40%
With Oden on Our SideRunes to My Memory
40%
The Great Heathen ArmySaxons and Vikings
40%
Deceiver of the GodsShape Shifter
40%
BerserkerShield Wall
40%
The Great Heathen ArmySkagul Rides with Me
40%
BerserkerSkoll and Hati
40%
Sorrow Throughout the Nine WorldsThe Arrival of the Fimbul Winter
40%
Fate of NornsThe Beheading of a King
40%
Deceiver of the GodsUnder Siege
40%
With Oden on Our SideUnder the Northern Star
40%
With Oden on Our SideValhall Awaits Me
40%
BerserkerValkyria
40%
Deceiver of the GodsWarriors of the North
40%
Deceiver of the GodsWe Shall Destroy
40%
Versus the WorldWhere Silent Gods Stand Guard
40%
Once Sent from the Golden HallWithout Fear
40%
Surtur RisingA Beast Am I
20%
The CrusherA Fury Divine
20%
The CrusherAnnihilation of Hammerfest
20%
The CrusherAs Long as the Raven Flies
20%
The CrusherBastards of a Lying Breed
20%
Sorrow Throughout the Nine WorldsBurning Creation
20%
Surtur RisingDoom Over Dead Man
20%
Once Sent from the Golden HallFriends of the Suncross
20%
The AvengerGod, His Son and Holy Whore
20%
The Great Heathen ArmyHeidrun
20%
Surtur RisingLive Without Regrets
20%
The AvengerMetalwrath
20%
The AvengerNorth Sea Storm
20%
The Great Heathen ArmyOden Owns You All
20%
The CrusherReleasing Surtur's Fire
20%
The CrusherRisen from the Sea
20%
Surtur RisingSlaves of Fear
20%
BerserkerThe Berserker at Stamford Bridge
20%
The CrusherThe Fall Through Ginnungagap
20%
Surtur RisingThe Last Stand of Frej
20%
The AvengerThe Last with Pagan Blood
20%
Sorrow Throughout the Nine WorldsThe Mighty Doors of the Speargod's Hall
20%
The Great Heathen ArmyThe Serpent's Trail
20%
The CrusherThe Sound of Eight Hooves
20%
Versus the WorldThousand Years of Oppression
20%
Sorrow Throughout the Nine WorldsUnder the Grayclouded Winter Sky
20%
Fate of NornsValkyries Ride
20%
BerserkerWhen Once Again We Can Set Our Sails
20%
Fate of NornsWhere Death Seems to Dwell
20%
Surtur RisingWrath of the Norsemen
20%
The Great Heathen ArmyDown of Norsemen
0%

Score Distribution

Percentile by Number Answered

Percent of People with Each Score

Your Score History

You have not taken this quiz